000 00560nam a22001937a 4500
999 _c171957
_d171957
005 20200123160421.0
010 _aA-794509
020 _c60.00
035 _aA-794509
037 _bBPPD/Pub.
082 _a921
100 _aچوہدری افضل حق
245 _aمیرا افسانہ /
_cچوہدری افضل حق
246 _aMera Afsana (Urdu) /
_bby Choudhary Afzal Haq
260 _aLahore
_bAlfaizal
_c1993 ء
270 _aGhazni Street, Urdu Bazar
_bLahore
300 _a204p.
_c22cm(Hb)
942 _2ddc
_cUR
_h921
_mا ف ض